Alien 3 (Record no. 14541)
[ view plain ]
| 000 -LEADER | |
|---|---|
| fixed length control field | 04144ngm a2200577 4500 |
| 001 - CONTROL NUMBER | |
| control field | DVD-000120 |
| 003 - CONTROL NUMBER IDENTIFIER | |
| control field | dpl |
| 005 - DATE AND TIME OF LATEST TRANSACTION | |
| control field | 20080722174142.0 |
| 007 - PHYSICAL DESCRIPTION FIXED FIELD--GENERAL INFORMATION | |
| fixed length control field | DVD |
| 008 - FIXED-LENGTH DATA ELEMENTS--GENERAL INFORMATION | |
| fixed length control field | 060926p19991992cau115 e vleng d |
| 010 ## - LIBRARY OF CONGRESS CONTROL NUMBER | |
| LC control number | DVD-00012 DVD-001056-1057 & DVD-005316-5320 |
| 024 ## - OTHER STANDARD IDENTIFIER | |
| Standard number or code | 25227 |
| Terms of availability | 499.00, 299.00 (Revised Price) |
| 035 ## - SYSTEM CONTROL NUMBER | |
| System control number | DVD-00012 DVD-001056-1057 |
| 035 ## - SYSTEM CONTROL NUMBER | |
| System control number | DVD-005316-5320 |
| 040 ## - CATALOGING SOURCE | |
| Original cataloging agency | DPL |
| Transcribing agency | DPL |
| 082 ## - DEWEY DECIMAL CLASSIFICATION NUMBER | |
| Classification number | DVD / ALIE |
| 245 ## - TITLE STATEMENT | |
| Title | Alien 3 |
| Medium | [videorecording(DVD)] / |
| Statement of responsibility, etc | a Brandywine production ; Twentieth Century Fox ; director, David Fincher ; producers, Gordon Carroll, David Giler, Walter Hill ; screenplay, David Giler, Walter Hill, Larry Ferguson ; story, Vincent Ward. |
| 246 ## - VARYING FORM OF TITLE | |
| Title proper/short title | Alien three. |
| 250 ## - EDITION STATEMENT | |
| Edition statement | Special Edition |
| 260 ## - PUBLICATION, DISTRIBUTION, ETC. (IMPRINT) | |
| Place of publication, distribution, etc | Beverly Hills, Calif. |
| Name of publisher, distributor, etc | Twentieth Century Fox Home Entertainment, |
| Date of publication, distribution, etc | c1992. |
| 300 ## - PHYSICAL DESCRIPTION | |
| Extent | 2 videodisc DVD (115 min.) : |
| Other physical details | sd., col. ; |
| Dimensions | 4 3/4 in. |
| 440 ## - SERIES STATEMENT/ADDED ENTRY--TITLE | |
| Title | Alien legacy. |
| 500 ## - GENERAL NOTE | |
| General note | Originally produced as a motion picture by 20th Century Fox in 1992. |
| 500 ## - GENERAL NOTE | |
| General note | Includes "The making of Alien 3" and original theatrical trailer. |
| 508 ## - CREATION/PRODUCTION CREDITS NOTE | |
| Creation/production credits note | Director, David Fincher ; producers, Gordon Carroll, David Giler, Walter Hill ; screenplay, David Giler, Walter Hill, Larry Ferguson ; story, Vincent Ward ; based on characters created by Dan O'Bannon, Ronald Shusett ; music, Elliot Goldenthal. |
| 511 ## - PARTICIPANT OR PERFORMER NOTE | |
| Participant or performer note | Sigourney Weaver, Charles S. Dutton, Charles Dance. |
| 520 ## - SUMMARY, ETC. | |
| Summary, etc | When Ripley survives a crash landing on Fiorina 161, a bleak prison planet, the convicts soon begin turning up dead and she realizes she wasn't the only survivor. |
| 521 ## - TARGET AUDIENCE NOTE | |
| Target audience note | Rated R. |
| 538 ## - SYSTEM DETAILS NOTE | |
| System details note | DVD; letterbox widescreen format (aspect ratio: 2.35:1); English 5.1 Surround; English Dolby Surround; French Dolby Surround; interactive menus; scene selection. |
| 546 ## - LANGUAGE NOTE | |
| Language note | Subtitles in English and Spanish; closed-captioned for the hearing impaired. |
| 655 ## - INDEX TERM--GENRE/FORM | |
| Genre/form data or focus term | Science fiction films. |
| Source of term | lcsh. |
| 655 ## - INDEX TERM--GENRE/FORM | |
| Genre/form data or focus term | Feature films. |
| Source of term | lcsh. |
| 700 ## - ADDED ENTRY--PERSONAL NAME | |
| Personal name | Weaver, Sigourney, |
| Dates associated with a name | 1949- |
| 700 ## - ADDED ENTRY--PERSONAL NAME | |
| Personal name | Dutton, Charles S. |
| 700 ## - ADDED ENTRY--PERSONAL NAME | |
| Personal name | Dance, Charles. |
| 700 ## - ADDED ENTRY--PERSONAL NAME | |
| Personal name | Fincher, David. |
| 710 ## - ADDED ENTRY--CORPORATE NAME | |
| Corporate name or jurisdiction name as entry element | Twentieth Century Fox Home Entertainment, Inc. |
| 710 ## - ADDED ENTRY--CORPORATE NAME | |
| Corporate name or jurisdiction name as entry element | Twentieth Century-Fox Film Corporation. |
| 730 ## - ADDED ENTRY--UNIFORM TITLE | |
| Uniform title | Making of Alien 3. |
| 942 ## - ADDED ENTRY ELEMENTS (KOHA) | |
| Koha item type | CD-ROMs, DVDs, VHS |
| Source of classification or shelving scheme | Dewey Decimal Classification |
| Classification part | DVD |
| Call number suffix | ALIE |
| Withdrawn status | Lost status | Source of classification or shelving scheme | Damaged status | Not for loan | Home library | Current library | Date acquired | Cost, normal purchase price | Total Checkouts | Full call number | Barcode | Checked out | Date last seen | Date checked out | Copy number | Cost, replacement price | Price effective from | Koha item type | Source of acquisition | Total Renewals |
|---|---|---|---|---|---|---|---|---|---|---|---|---|---|---|---|---|---|---|---|---|
| Dewey Decimal Classification | Central Library | Central Library | 22/07/2008 | 499.00 | 39 | DVD / ALIE | DVD-000120 | 09/04/2012 | 26/03/2012 | 26/03/2012 | 1 | 499.00 | 15/09/2008 | CD-ROMs, DVDs, VHS | ||||||
| Dewey Decimal Classification | Janak Puri | Janak Puri | 15/12/2009 | 299.00 | 25 | DVD ALIE | DVD-005316 | 04/04/2013 | 23/03/2013 | 1 | 299.00 | 15/12/2009 | CD-ROMs, DVDs, VHS | Pioneers/885/29-10-09/325/13-10-09 /06-11-09 | 2 | |||||
| Lost and Paid For | Dewey Decimal Classification | Karol Bagh | Karol Bagh | 15/12/2009 | 299.00 | 3 | DVD ALIE | DVD-005319 | 27/08/2010 | 12/08/2010 | 1 | 299.00 | 15/12/2009 | CD-ROMs, DVDs, VHS | Pioneers/885/29-10-09/325/13-10-09 /06-11-09 | |||||
| Dewey Decimal Classification | Narela | Narela | 15/12/2009 | 299.00 | 9 | DVD ALIE | DVD-005320 | 12/02/2012 | 07/02/2012 | 1 | 299.00 | 15/12/2009 | CD-ROMs, DVDs, VHS | Pioneers/885/29-10-09/325/13-10-09 /06-11-09 | 1 | |||||
| Dewey Decimal Classification | Patel Nagar | Patel Nagar | 20/10/2008 | 499.00 | 25 | DVD ALIE | DVD-001057 | 19/12/2014 | 18/12/2014 | 1 | 20/10/2008 | CD-ROMs, DVDs, VHS | Purchase | |||||||
| Dewey Decimal Classification | R.K.Puram-8 | R.K.Puram-8 | 15/12/2009 | 299.00 | 5 | DVD ALIE | DVD-005317 | 13/11/2013 | 08/11/2013 | 1 | 299.00 | 15/12/2009 | CD-ROMs, DVDs, VHS | Pioneers/885/29-10-09/325/13-10-09 /06-11-09 | ||||||
| Dewey Decimal Classification | Sarojini Nagar | Sarojini Nagar | 20/10/2008 | 499.00 | 12 | DVD ALIE | DVD-001056 | 29/11/2011 | 29/11/2011 | 1 | 499.00 | 20/10/2008 | CD-ROMs, DVDs, VHS | Purchase | ||||||
| Dewey Decimal Classification | Vinoba Puri | Vinoba Puri | 15/12/2009 | 299.00 | 13 | DVD ALIE | DVD-005318 | 12/05/2016 | 11/05/2016 | 1 | 299.00 | 15/12/2009 | CD-ROMs, DVDs, VHS | Pioneers/885/29-10-09/325/13-10-09 /06-11-09 |
